[Event "Anapa op"]
[Site "Anapa"]
[Date "2006.09.??"]
[Round "?"]
[White "Karabakhtsian, Adroniks"]
[Black "Simonian, Vladislav"]
[Result "1-0"]
[WhiteElo "2246"]
[BlackElo "2080"]
[PlyCount "41"]
[EventDate "2006.09.??"]
[EventType "swiss"]
[EventRounds "9"]
[EventCountry "RUS"]
[SourceTitle "EXT 2010"]
[Source "ChessBase"]
[SourceDate "2010.11.25"]
[SourceVersion "1"]
[SourceVersionDate "2010.11.25"]
[SourceQuality "1"]

1. d4 Nf6 2. Nf3 d5 3. Bg5 e6 4. e3 Be7 5. Bd3 Nbd7 6. Nbd2 b6 7. Qe2 Bb7 8. c3 Ne4 9. Bf4 Ndf6 10. Ne5 0-0 11. Nxe4 dxe4 12. Bb5 Rc8 13. Nc6 Bxc6 14. Bxc6 Nd5 15. Be5 f5 16. Qc4 f4 17. exf4 e3 18. fxe3 Nxe3 19. Qxe6+ Kh8 20. Bxg7+ Kxg7 21. Qxe3 1-0

[Event "Anapa op"]
[Site "Anapa"]
[Date "2006.09.??"]
[Round "?"]
[White "Shishkin, Alexander"]
[Black "Simonian, Vladislav"]
[Result "1/2-1/2"]
[WhiteElo "2086"]
[BlackElo "2080"]
[PlyCount "49"]
[EventDate "2006.09.??"]
[EventType "swiss"]
[EventRounds "9"]
[EventCountry "RUS"]
[SourceTitle "EXT 2010"]
[Source "ChessBase"]
[SourceDate "2010.11.25"]
[SourceVersion "1"]
[SourceVersionDate "2010.11.25"]
[SourceQuality "1"]

1. e4 c5 2. Nf3 e6 3. d4 cxd4 4. Nxd4 d6 5. Be2 a6 6. Nc3 Nc6 7. Be3 Nxd4 8. Qxd4 Ne7 9. 0-0-0 Nc6 10. Qb6 Qd7 11. f4 Be7 12. Bc5 0-0 13. e5 d5 14. Bxe7 Qxe7 15. g4 Qb4 16. Qxb4 Nxb4 17. a3 Nc6 18. Bd3 b5 19. h4 Bb7 20. Rh2 Rac8 21. g5 b4 22. axb4 Nxb4 23. h5 Nxd3+ 24. Rxd3 Rc4 25. Rf2 1/2-1/2

[Event "Anapa op"]
[Site "Anapa"]
[Date "2006.09.??"]
[Round "?"]
[White "Simonian, Vladislav"]
[Black "Golovachev, Andrei"]
[Result "1/2-1/2"]
[WhiteElo "2080"]
[BlackElo "2103"]
[PlyCount "49"]
[EventDate "2006.09.??"]
[EventType "swiss"]
[EventRounds "9"]
[EventCountry "RUS"]
[SourceTitle "EXT 2010"]
[Source "ChessBase"]
[SourceDate "2010.11.25"]
[SourceVersion "1"]
[SourceVersionDate "2010.11.25"]
[SourceQuality "1"]

1. d4 d5 2. c4 c6 3. cxd5 cxd5 4. Nc3 Nf6 5. Bf4 Nc6 6. e3 a6 7. Bd3 e6 8. Rc1 Bd6 9. Bxd6 Qxd6 10. f4 b5 11. Nf3 Bb7 12. 0-0 Rc8 13. Ne5 0-0 14. Rf3 Ne7 15. a3 Ne4 16. Rh3 f5 17. Bxe4 fxe4 18. Qh5 h6 19. g4 b4 20. axb4 Qxb4 21. Rf1 Qxb2 22. Nd1 Qe2 23. Qh4 Rc1 24. Qxe7 Rxd1 25. Qxe6+ 1/2-1/2

[Event "Krasnodar South Region-ch"]
[Site "Krasnodar"]
[Date "2005.02.??"]
[Round "?"]
[White "Arslanov, Shamil"]
[Black "Simonian, Vladislav"]
[Result "1-0"]
[WhiteElo "2177"]
[BlackElo "2036"]
[PlyCount "59"]
[EventDate "2005.02.??"]
[EventType "swiss"]
[EventRounds "9"]
[EventCountry "RUS"]
[SourceTitle "EXT 2006"]
[Source "ChessBase"]
[SourceDate "2005.11.24"]
[SourceVersion "1"]
[SourceVersionDate "2005.11.24"]
[SourceQuality "1"]

1. e4 c5 2. d4 cxd4 3. c3 d3 4. Bxd3 d6 5. Ne2 e6 6. Be3 Nf6 7. f3 Be7 8. c4 0-0 9. Nbc3 a6 10. 0-0 b6 11. Rc1 Bb7 12. b3 Nbd7 13. Qd2 Rc8 14. Rcd1 Qc7 15. Nd4 Qb8 16. Qf2 Rfe8 17. Kh1 Nf8 18. Bb1 Bd8 19. h3 Ng6 20. f4 Nf8 21. Nde2 N8d7 22. Ng3 Bc7 23. Bd4 Ba8 24. Bd3 e5 25. fxe5 Nxe5 26. Nf5 Nxd3 27. Qg3 g6 28. Nh6+ Kf8 29. Qf3 Bd8 30. Rxd3 1-0

[Event "Krasnodar South Region-ch"]
[Site "Krasnodar"]
[Date "2005.02.??"]
[Round "?"]
[White "Kim, Alexandra V"]
[Black "Simonian, Vladislav"]
[Result "1-0"]
[WhiteElo "2133"]
[BlackElo "2036"]
[PlyCount "63"]
[EventDate "2005.02.??"]
[EventType "swiss"]
[EventRounds "9"]
[EventCountry "RUS"]
[SourceTitle "EXT 2006"]
[Source "ChessBase"]
[SourceDate "2005.11.24"]
[SourceVersion "1"]
[SourceVersionDate "2005.11.24"]
[SourceQuality "1"]

1. e4 c5 2. Nc3 e6 3. Nf3 d6 4. d4 cxd4 5. Nxd4 a6 6. Be3 Nf6 7. Be2 b5 8. a3 Bb7 9. f3 Be7 10. 0-0 0-0 11. Qe1 Nbd7 12. Qg3 Re8 13. Bd3 Ne5 14. f4 Neg4 15. Kh1 Nxe3 16. Qxe3 Qb6 17. e5 Nd7 18. Qh3 Nf8 19. Nf3 g6 20. Ne4 d5 21. Ng3 b4 22. Qh6 a5 23. f5 exf5 24. Nh5 Ne6 25. Nf6+ Bxf6 26. exf6 Qd8 27. Bxf5 Qxf6 28. Bxe6 fxe6 29. Ng5 Qg7 30. Qxg7+ Kxg7 31. Rf7+ Kh6 32. h4 1-0

[Event "Krasnodar South Region-ch"]
[Site "Krasnodar"]
[Date "2005.02.??"]
[Round "?"]
[White "Simonian, Vladislav"]
[Black "Serebriakov, Alexander"]
[Result "0-1"]
[WhiteElo "2036"]
[BlackElo "2213"]
[PlyCount "67"]
[EventDate "2005.02.??"]
[EventType "swiss"]
[EventRounds "9"]
[EventCountry "RUS"]
[SourceTitle "EXT 2006"]
[Source "ChessBase"]
[SourceDate "2005.11.24"]
[SourceVersion "1"]
[SourceVersionDate "2005.11.24"]
[SourceQuality "1"]

1. Nf3 d5 2. d4 c6 3. c4 Nf6 4. cxd5 cxd5 5. Nc3 Nc6 6. Bf4 Bf5 7. e3 e6 8. Bb5 Bb4 9. 0-0 0-0 10. Bxc6 bxc6 11. Na4 Ne4 12. Ne5 Rc8 13. Nd3 Be7 14. f3 g5 15. Be5 Nd6 16. b3 Nb7 17. Ndc5 Nxc5 18. Nxc5 f6 19. Bg3 Bxc5 20. dxc5 e5 21. Qd2 Qe7 22. Qc3 Rf7 23. Rfe1 Rg7 24. h3 h5 25. Rad1 Re8 26. b4 g4 27. hxg4 hxg4 28. f4 Be4 29. Bh4 Rh7 30. g3 Rxh4 31. gxh4 Qh7 32. Qb2 g3 33. Rd2 Qh5 34. Rg2 0-1

[Event "Krasnodar South Region-ch"]
[Site "Krasnodar"]
[Date "2005.02.??"]
[Round "?"]
[White "Simonian, Vladislav"]
[Black "Volkov, Vijcheslav"]
[Result "1-0"]
[WhiteElo "2036"]
[BlackElo "2054"]
[PlyCount "59"]
[EventDate "2005.02.??"]
[EventType "swiss"]
[EventRounds "9"]
[EventCountry "RUS"]
[SourceTitle "EXT 2006"]
[Source "ChessBase"]
[SourceDate "2005.11.24"]
[SourceVersion "1"]
[SourceVersionDate "2005.11.24"]
[SourceQuality "1"]

1. d4 Nf6 2. c4 e6 3. Nf3 Bb4+ 4. Bd2 Bxd2+ 5. Qxd2 Ne4 6. Qc2 f5 7. e3 c5 8. dxc5 Nc6 9. Be2 Qa5+ 10. Nbd2 Nb4 11. Qc1 Nxd2 12. Nxd2 Qxc5 13. Nb3 Qe7 14. 0-0 0-0 15. Rd1 b6 16. Bf3 Rb8 17. Qc3 Bb7 18. Bxb7 Rxb7 19. Rd2 d5 20. a3 dxc4 21. Qxc4 Nd5 22. Nd4 Rc7 23. Qb3 Rfc8 24. Nxf5 Rc1+ 25. Rd1 Rxd1+ 26. Rxd1 Qf6 27. Nd4 Kf7 28. h3 Rc5 29. Nf3 Qf5 30. e4 1-0